00545 2200193 4500001002100000005001500021035002000036007000300056008004100059082001000100084001600110100001800126245006000144250002000204260003100224300003600255600002400291856003600315INLIS00000000113945220220121022719 a0010-0122004613ta220121 g 0 ind  a372.8 a372.8 MOH s0 amohammad ibnu1 asang ahli strategi perang nabi daud as /cmohammad ibnu acetakan pertama aJakarta :berlangga,c2018 a53 halaman :bilustrasi ;c21CM 4amata pelajaran lain aPerpustakaan Umum Kota Makassar